000 00442cam a2200181ua 4500
020 _c1.25
041 _amal
_h
082 _a894.812308
_bKUT/UL
100 _aKuttikrishnan, P C .
245 _aUllavarum Illathavarum /
_cP C Kuttikrishnan.
_hTextual Documents
250 _a1 /
_b.
260 _aThrissur :
_bCurrent Books ,
_c1962.
300 _a100 ; .
365 _a1.25
504 _a
942 _cBK
999 _c12586
_d12586